00639nam a22002297a 45000010005000000030006000050050017000110080041000280200018000690400029000870500008001160820008001241000019001322450037001512600042001883000048002305050006002785200052002845210028003365210019003646500026003835675FISKH20250113101720.0250113b cb ||||| |||| 00| 0 eng d a9780618599400 aFISKHbengcFISKHdFISKH aPZ7 a590 aSmith, Euthia  aSuper animals /cBy Euthia Smith aHoughton Mifflin : bBoston, c2006.  a16 pages : bcolor illustrations ; c21 cm  aD aDifferent kinds of super animal are introduced.8 a590 bLexile estimate 8 aD bRaz-Plus  aAnimals vNon-fiction